| 000 | 01162nam a2200217Ia 4500 | ||
|---|---|---|---|
| 999 |
_c36612 _d36612 |
||
| 001 | 2532 | ||
| 003 | GE_BSU | ||
| 005 | 20230901123020.0 | ||
| 008 | 181216s1999||||ge |||||||||||||| ||geo|| | ||
| 040 | _cGE_BSU | ||
| 041 | _ageo | ||
| 080 | _a811.111(038)+811.353.1(038) ი–54 | ||
| 245 |
_aინგლისურ-ქართული ლექსიკონი = English-Georgian dictionary. რვეული 9 : _b I / _c[სარედ. კოლ.: თინათინ მარგალიტაძე (მთ. რედ.) და სხვ. ; შემდგ.: გ. რობაქიძე, ქ. თუხარელი, ლ. გომიაშვილი, გ. მელაძე]. |
||
| 264 |
_aთბილისი, _c1999. |
||
| 300 |
_a159 გვ.; _b28 სმ. |
||
| 653 | _aინგლისურ–ქართული ლექსიკონი | ||
| 700 |
_aმარგალიტაძე, თინათინ _eრედაქტორი _96114 |
||
| 700 |
_aრობაქიძე, გ. _eშემდგენელი _919747 |
||
| 710 |
_aთბილისის სახ. უნ-ტი _919748 |
||
| 942 |
_cBK _2udc |
||